| 000 | 00737nam a22001817a 4500 | ||
|---|---|---|---|
| 003 | CEME | ||
| 005 | 20210628202237.0 | ||
| 008 | 210210b xxu||||| |||| 00| 0 eng d | ||
| 020 | _a1-58053-898-3 | ||
| 040 | _c. | ||
| 082 | _a623.043 INT | ||
| 100 |
_aPuttre, Charles.C _958971 |
||
| 245 | _aInternational electronic counter measures handbook | ||
| 260 |
_aNORWOOD _bARTECH HOUSE _c2004 |
||
| 300 | _a186P | ||
| 650 |
_aELECTRONIC COUNTER MEASURES HANDBOOK.ACRONYMS.ESM AND SIGINT SYSTEMS.ELECTRONIC ATTACK.SELFPROTECTION JAMMERS.WARNING SYSTEMS.DECOY SYSTEMS.INTEGRATED SELF PROTECTION SUITES.GUIDED THREAT SYSTEMS.AIR DEFENCE MISSILE.ANTI TANK GUIDED MUNITIONS.ANTISHIP MISSILE.ANTI RADAR MISSILE. _958972 |
||
| 942 |
_cBK _2ddc |
||
| 999 |
_c569034 _d569034 |
||